Banderas de los Estados de EEUU - Estadísticas

Estadísticas generales
  • Esta prueba ha sido intentada 93 veces
  • La puntuación promedio es 28 de 50
Estadísticas de respuestas
Imagen Respuesta % Correcto
California
95%
Arkansas
94%
Dakota del Norte
92%
Dakota del Sur
92%
Texas
83%
Washington
83%
Florida
81%
Idaho
80%
Indiana
75%
Carolina del Norte
70%
Colorado
70%
Kentucky
70%
Wyoming
70%
Alabama
69%
Arizona
69%
Alaska
67%
Hawai
67%
Maine
67%
Nebraska
67%
Virginia
66%
Nevada
61%
Nuevo Hampshire
61%
Nuevo México
61%
Virginia Occidental
59%
Carolina del Sur
53%
Ohio
53%
Vermont
52%
Illinois
48%
Maryland
48%
Iowa
47%
Connecticut
42%
Luisiana
42%
Nueva York
42%
Oklahoma
42%
Oregón
42%
Delaware
41%
Misisipi
41%
Montana
41%
Tennessee
39%
Wisconsin
39%
Kansas
38%
Rhode Island
38%
Georgia
36%
Massachusetts
36%
Nueva Jersey
36%
Michigan
33%
Utah
33%
Minnesota
31%
Pensilvania
31%
Misuri
30%
No se encontraron pruebas coincidentes
Distribución de puntuación
Porcentaje de gente con cada puntuación
Porcentaje por número respondido
Historial de tus puntuaciones
No has intentado esta prueba.